| 000 | 00388nam a2200169Ia 4500 | ||
|---|---|---|---|
| 005 | 20240823011136.0 | ||
| 008 | 240823s9999||||xx |||||||||||||| ||und|| | ||
| 082 | _A796.358954 N9 | ||
| 100 | _aViswanathan T | ||
| 245 | 0 | _aIndian Cricket 1999 | |
| 250 | _a53rd | ||
| 260 |
_c1999 _b"Kasturi,Chennai" |
||
| 500 | _aYES | ||
| 650 |
_aGeneral _bGeneral |
||
| 942 | _cBK | ||
| 999 |
_c160663 _d160663 |
||